MARC

Tag First Indicator Second Indicator Subfields
LEADER 00000cam a2200000Ia 4500
001 in00001428721
008 961119s1996 dcua bs f000 0 eng d
005 20230331145624.0
019 |a 38177687 
035 |a (OCoLC)ocm35960687 
035 |a (OCoLC)35960687 
035 |9 AHR3999AM 
035 |a in00001428721 
040 |a MFM  |c MFM  |d AGL  |d UIU  |d GPO  |d TXA  |d OCL  |d GPO  |d UtOrBLW 
043 |a n-us--- 
045 2 |b d19920400  |b d19930300 
049 |a TXAM 
070 0 |a aHD9433.U62P75  |b 1996 
072 0 |a E700 
074 |a 0031-F (online) 
086 0 |a A 113.2:97025886 
086 0 |a A 113.2:M 46/3/X 
090 |a SF197  |b .T4963 1996 
092 0 |a 338.4766492  |b P931  |2 21 
245 0 0 |a Price determination in slaughter cattle procurement /  |c by Texas Agricultural Market Research Center, Slaughter Cattle Procurement and Pricing Study Team, Texas A&M University. 
264 1 |a [Washington, D.C.] :  |b U.S. Dept. of Agriculture, Packers and Stockyards Programs, Grain Inspection, Packers and Stockyards Administration,  |c [1996] 
300 |a xxxii, 322 pages :  |b illustrations ;  |c 28 cm. 
336 |a text  |b txt  |2 rdacontent 
337 |a unmediated  |b n  |2 rdamedia 
338 |a volume  |b nc  |2 rdacarrier 
490 1 |a GIPSA-RR ;  |v 96-2 
500 |a Cover title. 
500 |a Not distributed to depository libraries in a physical form. 
500 |a "September 1996." 
530 |a Also available via Internet from the USDA GIPSA web site (WordPerfect 6.1 only), with introductory screen title: Cattle price determination. 
504 |a Includes bibliographical references. 
536 |a Texas Agricultural Market Research Center with the Packers and Stockyards Program of the Grain Inspection, Packers and Stockyards Administration, U.S. Dept. of Agriculture.  |b Contract no. 53-6395-2-126 
500 |a Chiefly statistical tables. 
650 0 |a Cattle  |x Prices  |z United States. 
650 0 |a Cattle  |z United States  |x Marketing  |v Statistics. 
650 0 |a Cattle  |z United States  |x Marketing. 
650 0 |a Meat industry and trade  |z United States. 
710 2 |a Texas Agricultural Market Research Center.  |b Slaughter Cattle Procurement and Pricing Study Team. 
710 1 |a United States.  |b Packers and Stockyards Programs. 
710 1 |a United States.  |b Grain Inspection, Packers, and Stockyards Administration. 
740 0 2 |a Cattle price determination. 
830 0 |a GIPSA-RR ;  |v 96-2. 
856 4 1 |u https://purl.fdlp.gov/GPO/LPS11484  |t 0 
948 |a c:jo 
994 |a E0  |b TXA 
999 |a MARS 
999 f f |i 3c6c5aa2-4c7f-3254-9ee1-53243b10f209  |s 1ed988d5-b797-32af-8d4e-981e83cab038  |t 0 
952 f f |p normal  |a Texas A&M University  |b College Station  |c Sterling C. Evans Library  |d Evans: US Documents (Annex 5th floor)  |t 0  |e A 113.2:M 46/3/X  |h Superintendent of Documents classification  |i unmediated -- volume  |m A14823171047 
952 f f |a Texas A&M University  |b College Station  |c Electronic Resources  |d Available Online  |t 0  |e A 113.2:97025886  |h Superintendent of Documents classification 
998 f f |a A 113.2:97025886  |t 0  |l Available Online 
998 f f |a A 113.2:M 46/3/X  |t 0  |l Evans: US Documents (Annex 5th floor)